[Event "Landesklasse West 2011/2012"]
[Site "?"]
[Date "2011.11.06"]
[Round "3"]
[White "Töpfer, Albrecht"]
[Black "Hanel, Paul"]
[Result "1-0"]
[WhiteElo "1838"]
[BlackElo "1858"]
[PlyCount "81"]
[EventDate "2011.??.??"]
[WhiteTeam "Ilmenauer SV"]
[BlackTeam "SV Wartburgstadt Eisenach"]

1. c4 Nf6 2. g3 g6 3. Bg2 Bg7 4. e4 d6 5. Ne2 c5 6. O-O Nc6 7. Nbc3 O-O 8. d3
Ne8 9. Be3 e5 10. Nd5 f5 11. exf5 Bxf5 12. h3 Qd7 13. Kh2 Nf6 14. Nec3 Ne7 15.
Nxe7+ Qxe7 16. Bg5 h6 17. Nd5 Qd7 18. Nxf6+ Bxf6 19. Bxh6 Rf7 20. h4 Rh7 21.
Qd2 Bxd3 22. Qxd3 Rxh6 23. Rad1 Rd8 24. Kg1 b6 25. Qe3 Qg7 26. Rd3 g5 27. hxg5
Qxg5 28. Qe4 Qh5 29. Rfd1 Bg7 30. Qc6 Bf8 31. Qc7 Qe8 32. Qxa7 e4 33. Re3 Re6
34. Qb7 Bg7 35. b3 Bd4 36. Rxe4 Rxe4 37. Bxe4 Rd7 38. Qd5+ Kh8 39. Kg2 Rf7 40.
Rh1+ Kg8 41. Bg6 1-0

[Event "Landesklasse West 2011/2012"]
[Site "?"]
[Date "2011.11.06"]
[Round "3"]
[White "Schwarz, Hilmar"]
[Black "Ortlepp, Steffen"]
[Result "1/2-1/2"]
[WhiteElo "1783"]
[BlackElo "1826"]
[PlyCount "34"]
[EventDate "2011.??.??"]
[WhiteTeam "SV Wartburgstadt Eisenach"]
[BlackTeam "Ilmenauer SV"]

1. e4 c5 2. Nf3 Nc6 3. d4 cxd4 4. Nxd4 g6 5. Nc3 Bg7 6. Be3 Nf6 7. f3 O-O 8.
Qd2 d5 9. Nxc6 bxc6 10. O-O-O Be6 11. Qf2 Qa5 12. Rd4 dxe4 13. Ra4 Qc7 14. Nxe4
Nxe4 15. fxe4 Qe5 16. c3 Rfd8 17. Be2 f5 1/2-1/2

[Event "Landesklasse West 2011/2012"]
[Site "?"]
[Date "2011.11.06"]
[Round "3"]
[White "Sukaylo, Aleksey"]
[Black "Neef, Michael"]
[Result "1-0"]
[WhiteElo "1841"]
[BlackElo "1879"]
[PlyCount "97"]
[EventDate "2011.??.??"]
[WhiteTeam "Ilmenauer SV"]
[BlackTeam "SV Wartburgstadt Eisenach"]

1. e4 d5 2. exd5 Qxd5 3. Nc3 Qd6 4. d4 c6 5. Bc4 Bf5 6. Nf3 Nd7 7. O-O e6 8. a3
Ngf6 9. Re1 Qc7 10. Ne5 Bd6 11. f4 O-O 12. Be3 Rfd8 13. Qe2 Nb6 14. Bb3 a5 15.
a4 Bb4 16. Rf1 Bxc3 17. bxc3 Nbd5 18. c4 Nxe3 19. Qxe3 b6 20. Rad1 c5 21. d5
exd5 22. cxd5 Ng4 23. Qf3 Qc8 24. c4 f6 25. Nc6 Re8 26. Rde1 Qd7 27. h3 Nh6 28.
g4 Bg6 29. f5 Bf7 30. h4 Kf8 31. g5 Ng8 32. Bc2 Rxe1 33. Rxe1 Re8 34. Rf1 Rc8
35. g6 hxg6 36. fxg6 Be8 37. Bf5 Qc7 38. Bxc8 Qxc8 39. h5 Qc7 40. Qf4 Qxf4 41.
Rxf4 Bxc6 42. dxc6 Ke7 43. Re4+ Kd6 44. Re8 Nh6 45. c7 Kxc7 46. Re7+ Kd6 47.
Rxg7 Nf5 48. Rb7 Kc6 49. g7 1-0

[Event "Landesklasse West 2011/2012"]
[Site "?"]
[Date "2011.11.06"]
[Round "3"]
[White "Königsdörfer, Gerhard"]
[Black "Lorenz, Erik Roman"]
[Result "1-0"]
[WhiteElo "1864"]
[BlackElo "1692"]
[PlyCount "61"]
[EventDate "2011.??.??"]
[WhiteTeam "SV Wartburgstadt Eisenach"]
[BlackTeam "Ilmenauer SV"]

1. e4 c5 2. Nf3 d6 3. Bb5+ Nd7 4. d4 cxd4 5. Qxd4 e5 6. Qd3 Ngf6 7. O-O a6 8.
Bxd7+ Bxd7 9. c4 h6 10. Nc3 Qc7 11. b3 Be7 12. Be3 O-O 13. Rac1 Rac8 14. Nd2
Ng4 15. Nd5 Qd8 16. Bb6 Qe8 17. Bc7 Be6 18. Nxe7+ Qxe7 19. Bxd6 Qd7 20. c5 b6
21. Qe2 Rfd8 22. Nf3 bxc5 23. Bxc5 Qb7 24. h3 Nf6 25. Rfe1 Nd7 26. b4 Nxc5 27.
bxc5 f6 28. Rb1 Qe7 29. Qxa6 Rxc5 30. Rb7 Qd6 31. Rb6 1-0

[Event "Landesklasse West 2011/2012"]
[Site "?"]
[Date "2011.11.06"]
[Round "3"]
[White "Leuner, Klaus"]
[Black "Heyl, Peter"]
[Result "1/2-1/2"]
[WhiteElo "1860"]
[BlackElo "1676"]
[PlyCount "86"]
[EventDate "2011.??.??"]
[WhiteTeam "Ilmenauer SV"]
[BlackTeam "SV Wartburgstadt Eisenach"]

1. d4 d5 2. c4 e6 3. Nc3 Nf6 4. Nf3 Be7 5. Bf4 c6 6. e3 dxc4 7. Bxc4 b5 8. Bd3
b4 9. Ne4 Nd5 10. Bg3 Ba6 11. Bxa6 Nxa6 12. Qa4 Qb6 13. Rc1 Qb5 14. Qxb5 cxb5
15. O-O O-O 16. Rc2 f5 17. Neg5 Rac8 18. Rfc1 Rxc2 19. Rxc2 b3 20. axb3 Nab4
21. Rd2 Rc8 22. h4 Bxg5 23. Nxg5 Rc6 24. Bb8 h6 25. Nf3 a6 26. Kf1 Nf6 27. Ne1
Ne4 28. Rd1 Rc8 29. Be5 Kf7 30. f3 Nf6 31. Ke2 Nfd5 32. Nd3 Nxd3 33. Rxd3 Rc2+
34. Rd2 Rc1 35. e4 fxe4 36. fxe4 Nf6 37. Bxf6 gxf6 38. d5 Ke7 39. Kd3 Kd6 40.
Kd4 exd5 41. exd5 Rh1 42. g3 f5 43. Ke3 Re1+ 1/2-1/2

[Event "Landesklasse West 2011/2012"]
[Site "?"]
[Date "2011.11.06"]
[Round "3"]
[White "Ulbricht, Olaf"]
[Black "Schenk, Stefan"]
[Result "0-1"]
[WhiteElo "1634"]
[BlackElo "1811"]
[PlyCount "42"]
[EventDate "2011.??.??"]
[WhiteTeam "SV Wartburgstadt Eisenach"]
[BlackTeam "Ilmenauer SV"]

1. e4 e5 2. f4 Bc5 3. Nf3 d6 4. Bc4 Nf6 5. Ng5 O-O 6. d3 d5 7. exd5 Bg4 8. Qd2
exf4 9. Qxf4 Re8+ 10. Ne4 Bd6 11. Qg5 Nbd7 12. O-O Nxe4 13. Qxg4 Bc5+ 14. d4
Bxd4+ 15. Kh1 Nf2+ 16. Rxf2 Bxf2 17. Bd2 Ne5 18. Qf4 Nxc4 19. Qxf2 Nxd2 20.
Qxd2 Qxd5 21. Qf2 Qd1+ 0-1

[Event "Landesklasse West 2011/2012"]
[Site "?"]
[Date "2011.11.06"]
[Round "3"]
[White "Dennler, Günter"]
[Black "Graupner, Markus"]
[Result "1/2-1/2"]
[WhiteElo "1821"]
[BlackElo "1643"]
[PlyCount "78"]
[EventDate "2011.??.??"]
[WhiteTeam "Ilmenauer SV"]
[BlackTeam "SV Wartburgstadt Eisenach"]

1. e4 d6 2. d4 Nf6 3. Nc3 c6 4. Nf3 Bg4 5. Be2 e6 6. O-O d5 7. exd5 Nxd5 8. Ne4
Be7 9. c3 O-O 10. Ne5 Bxe2 11. Qxe2 Nd7 12. Rd1 Qc7 13. Nxd7 Qxd7 14. Qh5 Nf6
15. Nxf6+ Bxf6 16. Bf4 Qd5 17. Qxd5 cxd5 18. a4 Be7 19. Kf1 Rfc8 20. Ke2 Rc6
21. Kd3 Rac8 22. Bd2 Bd6 23. h3 Kf8 24. f4 g6 25. g4 f5 26. Re1 Kf7 27. g5 Rh8
28. h4 h6 29. Rh1 hxg5 30. hxg5 Rxh1 31. Rxh1 Kg7 32. b3 Rc8 33. c4 Rh8 34.
Rxh8 Kxh8 35. c5 Bc7 36. b4 Kg7 37. b5 b6 38. cxb6 axb6 39. Kc3 Kf7 1/2-1/2

[Event "Landesklasse West 2011/2012"]
[Site "?"]
[Date "2011.11.06"]
[Round "3"]
[White "Hocke, Sebastian"]
[Black "Essegern, Kurt"]
[Result "1/2-1/2"]
[WhiteElo "1798"]
[BlackElo "1979"]
[PlyCount "38"]
[EventDate "2011.??.??"]
[WhiteTeam "ESV Lok Meiningen"]
[BlackTeam "Randspringer Bad Salzungen"]

1. e4 c5 2. Nf3 Nc6 3. d4 cxd4 4. Nxd4 g6 5. c4 Bg7 6. Be3 Nf6 7. Nc3 Ng4 8.
Qxg4 Nxd4 9. Qd1 Ne6 10. Be2 Qa5 11. Qd2 b6 12. O-O Bb7 13. f3 g5 14. Rab1 Rc8
15. Rfd1 d6 16. b4 Qe5 17. Nb5 Ra8 18. Nd4 Nxd4 19. Bxd4 Qxd4+ 1/2-1/2

[Event "Landesklasse West 2011/2012"]
[Site "?"]
[Date "2011.11.06"]
[Round "3"]
[White "Hübschmann, Holger"]
[Black "Grube, Jan"]
[Result "1-0"]
[WhiteElo "1915"]
[BlackElo "1786"]
[PlyCount "99"]
[EventDate "2011.??.??"]
[WhiteTeam "Randspringer Bad Salzungen"]
[BlackTeam "ESV Lok Meiningen"]

1. Nf3 c5 2. c4 Nc6 3. Nc3 Nf6 4. g3 g6 5. Bg2 Bg7 6. O-O O-O 7. d4 cxd4 8.
Nxd4 Qb6 9. Ndb5 a6 10. Na4 Qd8 11. Nbc3 Ne5 12. b3 d6 13. Be3 Nc6 14. Bb6 Qe8
15. Qd2 Be6 16. Rac1 Rb8 17. Rfd1 Nd7 18. Be3 Nce5 19. Ba7 Ra8 20. Bd4 Nc6 21.
Bxg7 Kxg7 22. Nd5 Rb8 23. c5 Nxc5 24. Nxc5 dxc5 25. Rxc5 f6 26. Nc7 Qf7 27.
Bxc6 bxc6 28. Rxc6 Bh3 29. f3 Rbc8 30. Qd5 Qxd5 31. Rxd5 Kf7 32. Rdc5 Rfd8 33.
Kf2 Rd6 34. Rc1 Bd7 35. Rxd6 exd6 36. Rc3 Ke7 37. Nd5+ Ke6 38. Nc7+ Ke7 39.
Re3+ Kf7 40. Nxa6 Ra8 41. Nb4 Be6 42. Rc3 Ke7 43. Rc7+ Bd7 44. Nd5+ Kd8 45.
Rxd7+ Kxd7 46. Nb6+ Kc6 47. Nxa8 Kb7 48. Ke3 Kxa8 49. Kd4 Kb7 50. Kd5 1-0

[Event "Landesklasse West 2011/2012"]
[Site "?"]
[Date "2011.11.06"]
[Round "3"]
[White "Von Otte, Wilhelm"]
[Black "Schulz, Tilo"]
[Result "0-1"]
[WhiteElo "1812"]
[BlackElo "1870"]
[PlyCount "138"]
[EventDate "2011.??.??"]
[WhiteTeam "ESV Lok Meiningen"]
[BlackTeam "Randspringer Bad Salzungen"]

1. e4 e5 2. Nf3 Nc6 3. Bb5 a6 4. Ba4 Nf6 5. O-O Be7 6. c3 Nxe4 7. d4 exd4 8.
cxd4 d5 9. Ne5 Bd7 10. Bb3 Be6 11. f3 Nf6 12. Nc3 O-O 13. f4 g6 14. Bc2 Nb4 15.
f5 Nxc2 16. fxe6 Nxa1 17. exf7+ Rxf7 18. Nxf7 Kxf7 19. Bg5 c6 20. Qxa1 Kg7 21.
Qe1 Ng8 22. Be3 Qd7 23. Na4 Re8 24. Qc3 Bf6 25. Nc5 Qc8 26. Bf2 Nh6 27. h3 Nf5
28. g4 Nd6 29. Qd2 Ne4 30. Nxe4 Rxe4 31. g5 Bd8 32. Bg3 Qxh3 33. Qf2 Qf5 34.
Be5+ Kg8 35. Qxf5 gxf5 36. Rxf5 Rg4+ 37. Kf2 Rxg5 38. Rf3 Bb6 39. Rb3 Rxe5 40.
Rxb6 Re7 41. a4 Kf7 42. b4 Ke6 43. b5 axb5 44. axb5 Kd6 45. bxc6 bxc6 46. Ra6
Re4 47. Ra4 h5 48. Kg3 h4+ 49. Kh3 Kc7 50. Rb4 Rf4 51. Kh2 Kd6 52. Ra4 Ke6 53.
Ra6 Rxd4 54. Rxc6+ Ke5 55. Rc8 Rf4 56. Re8+ Kd4 57. Rd8 Ke4 58. Re8+ Kd3 59.
Rd8 d4 60. Kh3 Kd2 61. Rd7 d3 62. Rd8 Ke2 63. Re8+ Kd1 64. Rd8 d2 65. Rd7 Ke2
66. Re7+ Kd3 67. Rd7+ Rd4 68. Rxd4+ Kxd4 69. Kxh4 d1=Q 0-1

[Event "Landesklasse West 2011/2012"]
[Site "?"]
[Date "2011.11.06"]
[Round "3"]
[White "Essegern, Uwe"]
[Black "Jörges, Frank"]
[Result "1/2-1/2"]
[WhiteElo "1876"]
[BlackElo "1795"]
[PlyCount "44"]
[EventDate "2011.??.??"]
[WhiteTeam "Randspringer Bad Salzungen"]
[BlackTeam "ESV Lok Meiningen"]

1. d4 d5 2. Nf3 e6 3. e3 Bd6 4. Bd3 Nc6 5. a3 e5 6. dxe5 Nxe5 7. Nxe5 Bxe5 8.
O-O Nf6 9. h3 O-O 10. Nd2 c6 11. c4 Be6 12. c5 Qe7 13. Nf3 Bc7 14. Qc2 h6 15.
b4 Rfe8 16. Bb2 Nd7 17. Rfe1 f6 18. Bh7+ Kh8 19. e4 Ne5 20. Nxe5 fxe5 21. exd5
Bxd5 22. Be4 Qg5 1/2-1/2

[Event "Landesklasse West 2011/2012"]
[Site "?"]
[Date "2011.11.06"]
[Round "3"]
[White "Weiß, Daniel"]
[Black "Roth, Ralf"]
[Result "0-1"]
[WhiteElo "1783"]
[BlackElo "1843"]
[PlyCount "58"]
[EventDate "2011.??.??"]
[WhiteTeam "ESV Lok Meiningen"]
[BlackTeam "Randspringer Bad Salzungen"]

1. e4 d6 2. d4 Nf6 3. Nc3 g6 4. g3 Bg7 5. Bg2 O-O 6. Nge2 Nc6 7. h3 e5 8. Be3
Bd7 9. Qd2 Ne8 10. g4 f5 11. exf5 gxf5 12. gxf5 Bxf5 13. O-O-O Qh4 14. Bxc6
bxc6 15. Ng3 exd4 16. Bxd4 Bxd4 17. Qxd4 Qxd4 18. Rxd4 Bg6 19. f4 c5 20. Ra4 a5
21. Nd5 Bf7 22. Ne7+ Kh8 23. Rg1 Nf6 24. Ne4 Be8 25. Ra3 Nxe4 26. Re3 Nf6 27.
Reg3 Bf7 28. Nf5 Nh5 29. Nh6 Nxg3 0-1

[Event "Landesklasse West 2011/2012"]
[Site "?"]
[Date "2011.11.06"]
[Round "3"]
[White "Feldmann, Bernd"]
[Black "Rosenberg, Erik"]
[Result "1-0"]
[WhiteElo "1829"]
[BlackElo "1446"]
[PlyCount "121"]
[EventDate "2011.??.??"]
[WhiteTeam "Randspringer Bad Salzungen"]
[BlackTeam "ESV Lok Meiningen"]

1. d4 Nf6 2. c4 e6 3. Nc3 d5 4. Nf3 c6 5. Bg5 Be7 6. e3 Nbd7 7. Rc1 O-O 8. Bd3
Re8 9. O-O Nf8 10. a3 a5 11. Ne5 Ng6 12. f4 Nd7 13. Bxe7 Qxe7 14. Nxd7 Bxd7 15.
Na4 Qd8 16. c5 Ne7 17. Rf3 f5 18. Rh3 Rf8 19. Nb6 Ra7 20. g4 g6 21. Rc2 Rf7 22.
Rg2 Rg7 23. Rhg3 Nc8 24. Na4 Qf6 25. g5 Qf7 26. h4 Be8 27. Be2 Ra8 28. Kf2 Ra7
29. Rh2 Qf8 30. Qh1 Ne7 31. Nb6 Kh8 32. Rgh3 Kg8 33. Ke1 Kh8 34. Kd2 Kg8 35. h5
gxh5 36. Bxh5 Ng6 37. Be2 Qf7 38. Nc8 Ra8 39. Nd6 Qe7 40. Bh5 Nf8 41. Bxe8 Rxe8
42. Nxe8 Qxe8 43. Rh6 Qe7 44. Qd1 Qc7 45. Qb3 Rg6 46. Rxg6+ Nxg6 47. Qb6 Qxb6
48. cxb6 Nf8 49. b4 a4 50. Kd3 Kf7 51. b5 cxb5 52. Rb2 Kg6 53. Rxb5 h6 54. gxh6
Kxh6 55. Rb4 Nd7 56. Rxa4 Nxb6 57. Ra7 Nc4 58. Rxb7 Kg6 59. a4 Na5 60. Rb5 Nc4
61. a5 1-0

[Event "Landesklasse West 2011/2012"]
[Site "?"]
[Date "2011.11.06"]
[Round "3"]
[White "Webel, Jannik"]
[Black "Kunze, Heinz"]
[Result "0-1"]
[WhiteElo "1621"]
[BlackElo "1701"]
[PlyCount "168"]
[EventDate "2011.??.??"]
[WhiteTeam "ESV Lok Meiningen"]
[BlackTeam "Randspringer Bad Salzungen"]

1. d4 Nf6 2. c4 g6 3. Nc3 Bg7 4. e4 d6 5. Be2 O-O 6. Bg5 h6 7. Be3 e5 8. d5 Ne8
9. Qd2 Kh7 10. g4 Bd7 11. O-O-O a5 12. h4 Na6 13. f3 Nc5 14. Nh3 b6 15. Rdg1 a4
16. Bd1 Qc8 17. Qh2 Qa6 18. Be2 a3 19. Bxc5 axb2+ 20. Kxb2 dxc5 21. Ra1 Qa3+
22. Kc2 Ba4+ 23. Nxa4 Qxa4+ 24. Kd2 Nd6 25. Rhc1 Qb4+ 26. Ke3 Ra3+ 27. Kf2 Qd2
28. Qh1 Rfa8 29. Qe1 Qxe1+ 30. Rxe1 Rxa2 31. Rxa2 Rxa2 32. Rc1 Ra3 33. Ng1 Bf6
34. h5 Bg5 35. Rc2 Be3+ 36. Kg2 Ra1 37. Nh3 g5 38. Nf2 Bxf2 39. Kxf2 Kg7 40.
Ke3 Kf8 41. Kd2 Ke7 42. Rc1 Ra4 43. Kc3 Nb7 44. Kb3 Rb4+ 45. Kc3 Na5 46. Bd3
Rb3+ 47. Kc2 Ra3 48. Rb1 Kd7 49. Be2 Kc8 50. Rb5 Kb8 51. Bd3 Ka7 52. Be2 Ka6
53. Bd3 Nb7 54. Rb3 Ra4 55. Kb2 Rb4 56. Ka3 Ka5 57. Be2 Nd6 58. Rc3 Nb7 59. Rb3
Ra4+ 60. Kb2 Nd6 61. Ra3 Rxa3 62. Kxa3 b5 63. Kb3 bxc4+ 64. Kc3 Kb5 65. Bf1 f6
66. Be2 Kb6 67. Bf1 Nb5+ 68. Kxc4 Nd4 69. Bg2 Nc2 70. Kc3 Ne3 71. Bh1 Kb5 72.
Kd3 Nd1 73. Kc2 Nf2 74. Bg2 Kb4 75. Bf1 c4 76. Be2 Nh1 77. Kb2 Ng3 78. Bd1 Nf1
79. Bc2 Ne3 80. Bb1 c3+ 81. Kc1 Kb3 82. Bd3 Ng2 83. Bf1 Nf4 84. Bb5 c2 0-1

[Event "Landesklasse West 2011/2012"]
[Site "?"]
[Date "2011.11.06"]
[Round "3"]
[White "Mäurer, Michael"]
[Black "Scheftlein, Richard"]
[Result "1/2-1/2"]
[WhiteElo "1643"]
[BlackElo "1657"]
[PlyCount "73"]
[EventDate "2011.??.??"]
[WhiteTeam "Randspringer Bad Salzungen"]
[BlackTeam "ESV Lok Meiningen"]

1. d4 Nf6 2. f4 d5 3. Nf3 e6 4. e3 Bd6 5. Bd3 c5 6. c3 O-O 7. O-O b6 8. Ne5 Ba6
9. Bxa6 Nxa6 10. Qe2 Nb8 11. Bd2 Nbd7 12. Be1 Ne4 13. Nd2 Nxd2 14. Qxd2 f6 15.
Nxd7 Qxd7 16. Rf3 Qf7 17. Qc2 f5 18. Bh4 cxd4 19. exd4 Rac8 20. Re1 Rfe8 21.
Qf2 b5 22. a3 a5 23. Rfe3 b4 24. axb4 axb4 25. Bg3 bxc3 26. bxc3 Bf8 27. Qe2
Rc6 28. h3 Qf6 29. Bh2 Kf7 30. Qh5+ Qg6 31. Qxg6+ Kxg6 32. g4 Ba3 33. gxf5+
Kxf5 34. Re5+ Kf6 35. Rxd5 exd5 36. Rxe8 Rxc3 37. Re5 1/2-1/2

[Event "Landesklasse West 2011/2012"]
[Site "?"]
[Date "2011.11.06"]
[Round "3"]
[White "Klingler, Lutz"]
[Black "Geißhirt, Marco"]
[Result "1-0"]
[WhiteElo "1951"]
[BlackElo "1836"]
[PlyCount "147"]
[EventDate "2011.??.??"]
[WhiteTeam "SV Schmalkalden 04"]
[BlackTeam "SG Barchfeld/Breitungen"]

1. f4 c6 2. Nf3 d5 3. e3 Bg4 4. Be2 g6 5. O-O Nh6 6. d4 Bxf3 7. Bxf3 Bg7 8. c3
Nd7 9. Qd3 O-O 10. Nd2 Qc7 11. g3 Rfd8 12. Qe2 e6 13. b3 Nf5 14. Bb2 Rac8 15.
Rac1 Nf6 16. g4 Nd6 17. h4 Nfe4 18. Nxe4 Nxe4 19. Bxe4 dxe4 20. g5 Qa5 21. Qc2
Qf5 22. Qg2 c5 23. Kh2 Rc6 24. Rfd1 Rdc8 25. Kg3 b5 26. Qe2 a6 27. Re1 h5 28.
b4 cxb4 29. cxb4 Rc4 30. Rxc4 Rxc4 31. a3 Kf8 32. Rh1 Qd5 33. Rd1 Ke7 34. Kg2
Bf8 35. Rc1 Rxc1 36. Bxc1 Qc4 37. Qd2 Kd6 38. Kf2 Kd5 39. Qb2 Be7 40. Bd2 f6
41. Be1 fxg5 42. hxg5 Bd8 43. Kg2 Bb6 44. Bc3 Qd3 45. Qc1 Qe2+ 46. Kh3 Qf3+ 47.
Kh2 h4 48. Be1 h3 49. Qd2 a5 50. bxa5 Ba7 51. Qa2+ Kd6 52. Bb4+ Kc7 53. Qd2
Bxd4 54. exd4 e3 55. Qc2+ Kb7 56. a6+ Kb8 57. Bd6+ Ka7 58. Qc7+ Kxa6 59. Qc8+
Ka5 60. Bb4+ Kb6 61. Qxe6+ Kb7 62. Qd7+ Ka6 63. Qc8+ Kb6 64. Qxh3 Qxf4+ 65. Qg3
Qxd4 66. Qd6+ Qxd6+ 67. Bxd6 Kc6 68. Bb4 Kd5 69. Kg2 Ke4 70. Kf1 Kf4 71. Be7
Kf3 72. Bd8 Kf4 73. Ke2 Ke4 74. Bb6 1-0

[Event "Landesklasse West 2011/2012"]
[Site "?"]
[Date "2011.11.06"]
[Round "3"]
[White "Krannich, Steffen"]
[Black "Heß, Wolfgang"]
[Result "1/2-1/2"]
[WhiteElo "1748"]
[BlackElo "1738"]
[PlyCount "26"]
[EventDate "2011.??.??"]
[WhiteTeam "SV Schmalkalden 04"]
[BlackTeam "SG Barchfeld/Breitungen"]

1. d4 Nf6 2. c4 d5 3. cxd5 Nxd5 4. e4 Nf6 5. Nc3 c6 6. h3 e6 7. Nf3 Be7 8. Bd3
b6 9. Bg5 Nbd7 10. Bc2 h6 11. Be3 b5 12. e5 Nd5 13. Nxd5 cxd5 1/2-1/2

[Event "Landesklasse West 2011/2012"]
[Site "?"]
[Date "2011.11.06"]
[Round "3"]
[White "Weigend, Joachim"]
[Black "Kleinsteuber, Erik"]
[Result "0-1"]
[WhiteElo "1827"]
[BlackElo "1624"]
[PlyCount "155"]
[EventDate "2011.??.??"]
[WhiteTeam "SV Schmalkalden 04"]
[BlackTeam "SG Barchfeld/Breitungen"]

1. e4 e6 2. d4 d5 3. Nd2 dxe4 4. Nxe4 Nd7 5. Nf3 Ngf6 6. Bd3 Be7 7. O-O b6 8.
Nxf6+ Nxf6 9. Bb5+ Bd7 10. a4 O-O 11. Bf4 Nd5 12. Bg3 Bd6 13. Ne5 Bxe5 14. Bxe5
Ne7 15. Ra3 Ng6 16. Bg3 Bxb5 17. axb5 Qd7 18. Qd3 Rfd8 19. Rd1 c6 20. bxc6 Qxc6
21. h4 Qd5 22. c4 Qh5 23. Rda1 Nxh4 24. Rxa7 Rxa7 25. Rxa7 Qf5 26. Qxf5 Nxf5
27. Bc7 Rc8 28. Bxb6 Kf8 29. Bc5+ Ke8 30. g4 Nxd4 31. Bxd4 Rxc4 32. Bc3 Rxg4+
33. Kf1 g6 34. Ke2 Rg5 35. b4 Rd5 36. Rb7 h5 37. Bf6 Rf5 38. Bd4 h4 39. Bc5 Rh5
40. Bd6 h3 41. Bh2 Rg5 42. Rb8+ Kd7 43. Rh8 Rb5 44. Bd6 Kxd6 45. Rxh3 Rxb4 46.
Rh7 Rf4 47. Ke3 Rf5 48. f3 e5 49. Rh8 Rf4 50. Re8 f6 51. Rg8 g5 52. Rg7 Ke6 53.
Rg8 Kf5 54. Rg7 g4 55. fxg4+ Rxg4 56. Rb7 Rd4 57. Rg7 Ke6 58. Rg8 Kf7 59. Rb8
f5 60. Rb5 Ke6 61. Rb6+ Rd6 62. Rb4 Rc6 63. Kd3 Kd5 64. Rb5+ Rc5 65. Rb8 e4+
66. Ke3 Rc3+ 67. Ke2 Ke5 68. Re8+ Kf4 69. Rb8 Rc2+ 70. Kd1 Rh2 71. Rf8 Kg4 72.
Re8 Kf3 73. Re5 f4 74. Rb5 e3 75. Re5 Rd2+ 76. Ke1 Re2+ 77. Kf1 Rc2 78. Rxe3+
0-1

[Event "Landesklasse West 2011/2012"]
[Site "?"]
[Date "2011.11.06"]
[Round "3"]
[White "Theer, Tino"]
[Black "Röder, Detlef"]
[Result "0-1"]
[WhiteElo "1581"]
[BlackElo "1641"]
[PlyCount "136"]
[EventDate "2011.??.??"]
[WhiteTeam "SG Barchfeld/Breitungen"]
[BlackTeam "SV Schmalkalden 04"]

1. e4 c6 2. d4 d5 3. e5 Bf5 4. Nf3 e6 5. Be2 h6 6. O-O Nd7 7. c4 dxc4 8. Bxc4
Nb6 9. b3 Ne7 10. Ba3 Bg4 11. Nbd2 Nf5 12. Bxf8 Rxf8 13. Ne4 Bxf3 14. gxf3 Qd7
15. Nc5 Qe7 16. Qd2 O-O-O 17. Qa5 Kb8 18. Qb4 Rxd4 19. a4 Nd5 20. Na6+ Ka8 21.
Qxe7 Ndxe7 22. Nc5 b6 23. Ne4 Ng6 24. a5 Kb7 25. axb6 axb6 26. Ba6+ Kc7 27. Be2
Rb8 28. Rfc1 Nxe5 29. Nc3 Kd7 30. Ra7+ Ke8 31. Ne4 Rd7 32. Ra6 Nh4 33. Bd1
Nhxf3+ 34. Bxf3 Nxf3+ 35. Kg2 Nd4 36. b4 Ke7 37. Ng3 Rc7 38. Ne4 f5 39. Nd2 c5
40. bxc5 bxc5 41. Nc4 Rc6 42. Ra7+ Kf6 43. Ne3 Rbc8 44. Rd1 Nb5 45. Rb7 Nd4 46.
Ra1 R8c7 47. Rb8 c4 48. Ra4 f4 49. Rf8+ Ke5 50. Ng4+ Ke4 51. f3+ Kd5 52. Rxf4
Nf5 53. Re4 c3 54. Re5+ Kd6 55. Rae4 Kd7 56. Re1 c2 57. Rc1 Nd4 58. Re3 Rc3 59.
Ne5+ Kc8 60. Nd3 Nb3 61. Rxe6 Rxd3 62. Re8+ Kb7 63. Rce1 c1=Q 64. Rxc1 Rxc1 65.
Re7+ Rc7 66. Re4 Nd2 67. Rb4+ Kc8 68. f4 Rc2 0-1

[Event "Landesklasse West 2011/2012"]
[Site "?"]
[Date "2011.11.06"]
[Round "3"]
[White "Moise, Adrian"]
[Black "Bötticher, Heinz-Wilfried"]
[Result "1-0"]
[WhiteElo "2169"]
[BlackElo "1810"]
[PlyCount "47"]
[EventDate "2011.??.??"]
[WhiteTeam "SV Ammern"]
[BlackTeam "SV Breitenworbis"]

1. Nf3 d5 2. d4 e6 3. c4 c5 4. cxd5 exd5 5. g3 Nc6 6. Bg2 Nf6 7. O-O Be7 8. Nc3
O-O 9. Bf4 Bg4 10. dxc5 Bxc5 11. Rc1 Be7 12. Ne5 d4 13. Nxg4 dxc3 14. Nxf6+
Bxf6 15. bxc3 Qa5 16. Qb3 Qa6 17. Rb1 Nd8 18. c4 Rc8 19. Rfc1 b6 20. Bh3 Ne6
21. Bxe6 fxe6 22. Be3 Be7 23. c5 Bxc5 24. Qxe6+ 1-0

[Event "Landesklasse West 2011/2012"]
[Site "?"]
[Date "2011.11.06"]
[Round "3"]
[White "Klaus, Christian"]
[Black "Dawydow, Alexej"]
[Result "1/2-1/2"]
[WhiteElo "1940"]
[BlackElo "1940"]
[PlyCount "26"]
[EventDate "2011.??.??"]
[WhiteTeam "SV Breitenworbis"]
[BlackTeam "SV Ammern"]

1. c4 e5 2. Nc3 Nf6 3. g3 Bc5 4. Bg2 a6 5. e3 Nc6 6. Nge2 d6 7. O-O O-O 8. a3
Ba7 9. d3 Be6 10. Nd5 Rb8 11. Nec3 Bxd5 12. cxd5 Ne7 13. b4 Qd7 1/2-1/2

[Event "Landesklasse West 2011/2012"]
[Site "?"]
[Date "2011.11.06"]
[Round "3"]
[White "Kampfhenkel, Ulrich"]
[Black "Gast, Rainer"]
[Result "1/2-1/2"]
[WhiteElo "2001"]
[BlackElo "1960"]
[PlyCount "69"]
[EventDate "2011.??.??"]
[WhiteTeam "SV Ammern"]
[BlackTeam "SV Breitenworbis"]

1. e4 c6 2. d4 d5 3. exd5 cxd5 4. c4 Nf6 5. Nc3 e6 6. Nf3 Be7 7. cxd5 Nxd5 8.
Bd3 O-O 9. O-O Nc6 10. Re1 Nf6 11. a3 b6 12. Bg5 Bb7 13. Rc1 h6 14. Bh4 Qd7 15.
Ne5 Qe8 16. Bb5 a6 17. Bxc6 Bxc6 18. Nxc6 Qxc6 19. d5 Qc4 20. Bxf6 Bxf6 21. Re4
Qc8 22. dxe6 fxe6 23. Qb3 Re8 24. Ne2 Qd7 25. Nc3 Rac8 26. Rd1 Qc6 27. Re3 b5
28. Qc2 Bxc3 29. Rxc3 Qb7 30. Rxc8 Rxc8 31. Qe2 Qf7 32. h3 Qf5 33. Re1 Rc6 34.
Qe3 Qd5 35. Qe2 1/2-1/2

[Event "Landesklasse West 2011/2012"]
[Site "?"]
[Date "2011.11.06"]
[Round "3"]
[White "Leibeling, Lucian"]
[Black "Kurze, Christoph"]
[Result "0-1"]
[WhiteElo "1832"]
[BlackElo "1890"]
[PlyCount "82"]
[EventDate "2011.??.??"]
[WhiteTeam "SV Breitenworbis"]
[BlackTeam "SV Ammern"]

1. c4 e5 2. Nc3 Nf6 3. d3 d5 4. cxd5 Nxd5 5. g3 Be7 6. Bg2 Nb6 7. Nf3 Nc6 8.
O-O O-O 9. b3 f5 10. Bb2 a6 11. Rc1 Qd6 12. Qd2 h6 13. Rfd1 Bf6 14. Qe1 Rb8 15.
e4 g6 16. Nd5 Nxd5 17. exd5 Nd4 18. Nxd4 exd4 19. Rc4 Bd7 20. Bxd4 Bxd4 21.
Rxd4 c5 22. Rc4 b5 23. Rc2 f4 24. Be4 b4 25. f3 h5 26. Qf2 Rb5 27. Rdc1 g5 28.
Rxc5 Rb7 29. R5c2 Rb5 30. Kh1 g4 31. Rg1 Rxd5 32. Bxd5+ Qxd5 33. Rc5 Qxd3 34.
Rg5+ Kf7 35. gxf4 Rc8 36. Re1 Rc2 37. Qe3 Qxe3 38. Rxe3 Bc6 39. Rge5 gxf3 40.
Re7+ Kf8 41. R7e4 Rc1+ 0-1

[Event "Landesklasse West 2011/2012"]
[Site "?"]
[Date "2011.11.06"]
[Round "3"]
[White "Schorch, Rüdiger"]
[Black "Eipel, Andreas"]
[Result "1-0"]
[WhiteElo "1915"]
[BlackElo "1725"]
[PlyCount "117"]
[EventDate "2011.??.??"]
[WhiteTeam "SV Ammern"]
[BlackTeam "SV Breitenworbis"]

1. c4 c5 2. Nf3 Nc6 3. d4 cxd4 4. Nxd4 e6 5. Nc3 Bb4 6. Ndb5 Nge7 7. Nd6+ Bxd6
8. Qxd6 O-O 9. e4 Qa5 10. Be2 b6 11. O-O Ba6 12. Nb5 Bxb5 13. Bd2 Nc8 14. Qxf8+
Kxf8 15. Bxa5 Bxc4 16. Bxc4 Nxa5 17. Bb5 Ke7 18. e5 a6 19. Bd3 g6 20. Be4 Rb8
21. Rac1 Na7 22. Rfd1 N5c6 23. f4 Rd8 24. a3 Na5 25. Rc3 Nb5 26. Rc2 Nb3 27.
Bd3 N5d4 28. Rc7 b5 29. Kf2 Nf5 30. Bc2 Nfd4 31. Bxb3 Nxb3 32. Rd3 Na5 33. b3
Nc6 34. Rd6 Ke8 35. Kg3 h6 36. h4 h5 37. Kf3 a5 38. g4 b4 39. a4 Nb8 40. gxh5
gxh5 41. Ke4 Ke7 42. Ra7 f6 43. Rxa5 Nc6 44. Rxc6 dxc6 45. Ra7+ Kf8 46. exf6
Rd5 47. Re7 Rd1 48. Rxe6 Rb1 49. Rxc6 Rxb3 50. Rb6 Rb1 51. Kf5 b3 52. Rb8+ Kf7
53. Rb7+ Kf8 54. a5 b2 55. a6 Ra1 56. Rxb2 Rxa6 57. Rb8+ Kf7 58. Rb7+ Kf8 59.
Kg6 1-0